000 01038cam a22002893a 4500
001 994
005 20230718085902.0
008 910309s1991 nyua j 000 1 eng d
020 _a0590436449 :
_c$2.75 ($3.50 Can.)
020 _a9780590436441
040 _aJED
_cJED
_dOHI
_dBTCTA
_dBAKER
_dDLC
_beng
050 0 0 _aCPB Box no. 2576 vol. 29
100 1 _aMartin, Ann M.,
_d1955-
245 1 0 _aKaren's goldfish /
_cAnn M. Martin ; illustrations by Susan Tang.
260 _aNew York :
_bScholastic,
_c1991.
300 _a98 pages
_billustrations. ;
_c20 cm.
490 1 _aBaby-sitters little sister ;
_v#16
500 _a"A Little Apple paperback."
505 _aN
520 _aKaren and her little brother Andrew are getting goldfish for pets. When something happens to Karen's goldfish Crystal Light, Karen is so sad.
521 _a570
_bLexile
521 _aN
_bRaz-Plus
655 7 _aChildren's stories.
_2lcsh
700 1 _aTang, Susan.
906 _a7
_bcbc
_ccopycat
_d2
_encip
_f20
_gy-genrareb
942 _2ddc
_cBK
_n0
999 _c994
_d994